चेहरा-दर-चेहरा / (Record no. 112270)

MARC details
000 -LEADER
fixed length control field 01181nam a22002657a 4500
005 - DATE AND TIME OF LATEST TRANSACTION
control field 20170124102936.0
010 ## - LIBRARY OF CONGRESS CONTROL NUMBER
LC control number A-984672
020 ## - INTERNATIONAL STANDARD BOOK NUMBER
Terms of availability 150.00
International Standard Book Number 817778000
035 ## - SYSTEM CONTROL NUMBER
System control number A-984672
037 ## - SOURCE OF ACQUISITION
Source of stock number/acquisition Cen Lib/Ret
040 ## - CATALOGING SOURCE
Original cataloging agency DPL
Language of cataloging HN
082 ## - DEWEY DECIMAL CLASSIFICATION NUMBER
Classification number 827
Item number मुज्तबा
100 ## - MAIN ENTRY--PERSONAL NAME
Personal name मुज्तबा हुसैन
9 (RLIN) 46637
245 ## - TITLE STATEMENT
Title चेहरा-दर-चेहरा /
Statement of responsibility, etc मुज्तबा हुसैन; संपादक शरद दत्त
246 ## - VARYING FORM OF TITLE
Title proper/short title Chehra-dar-chehra /
Remainder of title by Mujtaba Husain; sanpadak Sharad Dutt
260 ## - PUBLICATION, DISTRIBUTION, ETC. (IMPRINT)
Place of publication, distribution, etc दिल्ली
Name of publisher, distributor, etc सारांश प्रकाशन
Date of publication, distribution, etc 1999
270 ## - ADDRESS
City दिल्ली
Address 142-ई, पॉकेट-४, मयूर विहार फेज-I
Postal code 110091
300 ## - PHYSICAL DESCRIPTION
Extent 189पृ.
Dimensions 21सेमी(सजिल्द)
650 ## - SUBJECT ADDED ENTRY--TOPICAL TERM
Topical term or geographic name as entry element हिन्दी साहित्य
9 (RLIN) 46638
650 ## - SUBJECT ADDED ENTRY--TOPICAL TERM
Topical term or geographic name as entry element हिन्दी साहित्य -- कहानियां
9 (RLIN) 46639
650 ## - SUBJECT ADDED ENTRY--TOPICAL TERM
Topical term or geographic name as entry element Hindi literature
9 (RLIN) 46640
650 ## - SUBJECT ADDED ENTRY--TOPICAL TERM
Topical term or geographic name as entry element Hindi literature -- Stories
9 (RLIN) 46641
700 ## - ADDED ENTRY--PERSONAL NAME
Personal name दत्त, शरद
9 (RLIN) 46642
942 ## - ADDED ENTRY ELEMENTS (KOHA)
Source of classification or shelving scheme Dewey Decimal Classification
Koha item type Hindi Books
Classification part 827
Call number suffix मुज्तबा
Holdings
Withdrawn status Lost status Damaged status Not for loan Home library Current library Date acquired Source of acquisition Cost, normal purchase price Total Checkouts Total Renewals Full call number Barcode Date last seen Date checked out Copy number Cost, replacement price Price effective from Koha item type
        Central Library Central Library 07/08/2015 Cen Lib/Ret 150.00 3 2 827 मुज्तबा A-984672 22/01/2019 07/01/2019 1 150.00 07/08/2015 Hindi Books

© Delhi Public Library
Hit Counter
free hit counter